| 000 | 00604cam a22002291 4500 | ||
|---|---|---|---|
| 001 | 9836769 | ||
| 003 | ARRUPE | ||
| 005 | 20140611122039.0 | ||
| 008 | 750516s1961 xx 000 0 eng | ||
| 010 | _a 61004783 | ||
| 015 | _aGB61-4063 | ||
| 035 | _a(OCoLC)1338516 | ||
| 040 |
_aDLC _cTxFTC _dUk _dDLC |
||
| 042 | _apremarc | ||
| 050 | 0 | 0 |
_aPZ3.H19485 _bJo2 _aPR6058.A59 |
| 100 | 1 |
_aHanley, Gerald. _910819 |
|
| 245 | 1 | 4 | _aThe journey homeward. |
| 260 |
_aLondon, _bAbacus _c[1984] |
||
| 300 |
_a384 p. _c21 cm. |
||
| 906 |
_a7 _bcbc _coclcrpl _du _encip _f19 _gy-gencatlg |
||
| 942 |
_2lcc _cMONOGRAPH |
||
| 999 |
_c120701 _d120701 |
||